Intertemporal Coordination in Volunteer Markets

Enregistré dans:
Détails bibliographiques
Auteur principal: Lorko, Matej, 1987-
Autres auteurs: Servátka, Maroš, 1976-, Slonim, Robert, Ďuriník, Michal
Format: Chapitre de livre
Langue:anglais
Sujets:
Tags: Ajouter un tag
Pas de tags, Soyez le premier à ajouter un tag!

MARC

LEADER 00000naa$a2200000$$$4500
001 0304989
005 20241108104100.0
041 0 |a eng 
044 |a SK 
245 1 0 |a Intertemporal Coordination in Volunteer Markets  |c Matej Lorko, Maroš Servátka, Robert Slonim, Michal Ďuriník 
610 2 0 |a dobrovoľníctvo 
610 2 0 |a koordinácia 
610 2 0 |a trhy 
610 2 0 |a efektívnosť 
100 1 |a Lorko, Matej, 1987- 
700 1 |a Servátka, Maroš, 1976- 
700 1 |a Slonim, Robert 
700 1 |a Ďuriník, Michal